01143nam a22003014c 4500003000900000008004100009020001800050040003100068041001900099080001000118100002300128245001800151250002200169264004100191300004200232336002800274337003200302338002800334490002900362520019200391521001300583650003700596650002500633653004700658942001400705999001300719952010900732AR-BaSMT251008b2022 spa|||ar|||| 000 0 spa d a9788417028664 aBSGBbespañolcBSGBerda0 aspahespañol a82-341 aDios, Olga de93901 aMonstruo Rosa aSegunda edición 1aZaragoza : bApila Ediciones, c2022 a34 páginas ; bilustraciones color. 2rda contentatextobtxt 2rdamediaasin mediacónbn 2rdacarrieravolumenbnc aColección Mostruo Rosa1 aMonstruo Rosa es un cuento sobre el valor de la diferencia. Una historia para entender la diversidad como elemento enriquecedor de nuestra sociedad, Monstruo Rosa es un grito de libertad. aJardín 798aLITERATURA INFANTILzEspaña 7923aCUENTOzEspaña aEmocionesaRespetoaEmpatíaaConvivencia 2ddcaBOOK c657d657 00102ddc40aBSGBbBSGBcJardíneCompra feria del libro 2026i000969l0o82-34 DIOp000969t1yBOOKf